Technológia ťahania drôtu

Na minha lista:
Detalhes bibliográficos
Autor principal: Tittel, Viktor, 1948- (Author)
Formato: Livro
Idioma:eslovaco
Publicado em: Trnava : AlumniPress, 2009
Edição:1. vyd
Assuntos:
Acesso em linha:WWW
Tags: Adicionar Tag
Sem tags, seja o primeiro a adicionar uma tag!

MARC

LEADER 00000nam a22000003a 4500
001 stu183784
005 20221125091714.4
008 090504s2009----xo------------------slo-d
020 |a 978-80-8096-087-2 
040 |a STU  |b slo 
041 0 |a slo 
044 |a xo 
080 |a 621.77 
100 1 |a Tittel, Viktor,  |d 1948-  |4 aut  |u M3000  |9 100  |U MTF Materiálovotechnologická fakulta  |T MTF Ústav výrobných technológií  |X 2213  |U M3000  |Y 83  |7 A000002213 
242 0 0 |a Technology of wire drawing  |y eng 
245 1 |a Technológia ťahania drôtu 
250 |a 1. vyd 
260 |a Trnava :  |b AlumniPress,  |c 2009 
300 |a 83 s 
500 |a e-monografia 
650 7 |a valcovaný drôt  |2 stusub 
650 7 |a ťahanie drôtov  |2 stusub 
650 7 |a tvárniteľnosť drôtov  |2 stusub 
856 4 |a http://www.mtf.stuba.sk  |u http://www.mtf.stuba.sk  |3 WWW 
996 |b 284M070382  |c M*12509-1  |l MMKN  |s A  |a 24  |w stu183784_0001 
996 |c M* DigP-294  |l M  |s P  |a 0  |w stu183784_0002